Design build with the Scarcity and Creativity Studio / (Record no. 14255)

000 -LEADER
fixed length control field 01633cam a22002298i 4500
003 - CONTROL NUMBER IDENTIFIER
control field OSt
005 - DATE AND TIME OF LATEST TRANSACTION
control field 20260317130151.0
008 - FIXED-LENGTH DATA ELEMENTS--GENERAL INFORMATION
fixed length control field 220413s2023 enk b 001 0 eng
020 ## - INTERNATIONAL STANDARD BOOK NUMBER
International Standard Book Number 9780367511449
Qualifying information (paperback)
082 00 - DEWEY DECIMAL CLASSIFICATION NUMBER
Classification number 720.922
100 1# - MAIN ENTRY--PERSONAL NAME
Personal name Hermansen Cordua, Christian,
Relator term author.
245 10 - TITLE STATEMENT
Title Design build with the Scarcity and Creativity Studio /
Statement of responsibility, etc Christian Hermansen Cordua and Solveig Sandness.
263 ## - PROJECTED PUBLICATION DATE
Projected publication date 2209
300 ## - PHYSICAL DESCRIPTION
Extent pages cm
504 ## - BIBLIOGRAPHY, ETC. NOTE
Bibliography, etc Includes bibliographical references and index.
520 ## - SUMMARY, ETC.
Summary, etc "From its creation in January 2012, The Scarcity and Creativity studio has developed a teaching method which reaffirms a commitment to architecture as a service to society, questions the idea of the individual creator in favour of collaborative design, and challenges the traditional master-student relationship. This book documents the projects and in so doing, explains the practices and pedagogic methods which the studio has developed in relation to architecture education in general, and design build education in particular. Aimed at students, teachers and professionals who are exploring the possibilities of design build, the 16 built projects are fully documented in text, drawings and photos, and can be used as both inspiration and references. Projects are based in Norway, Finland, Chile, Ecuador (Galapagos), Kenya, South Africa, China, Argentina and Lebanon"--
610 20 - SUBJECT ADDED ENTRY--CORPORATE NAME
Corporate name or jurisdiction name as entry element Scarcity and Creativity Studio (Arkitektur- og designhøgskolen i Oslo)
650 #0 - SUBJECT ADDED ENTRY--TOPICAL TERM
Topical term or geographic name as entry element Group work in architecture.
650 #0 - SUBJECT ADDED ENTRY--TOPICAL TERM
Topical term or geographic name as entry element Architects and community.
700 1# - ADDED ENTRY--PERSONAL NAME
Personal name Sandness, Solveig,
Relator term author.
942 ## - ADDED ENTRY ELEMENTS (KOHA)
Source of classification or shelving scheme
Holdings
Withdrawn status Lost status Source of classification or shelving scheme Damaged status Koha normalized classification for sorting Not for loan Permanent location Current location Shelving location Date acquired Full call number Barcode Date last seen Price effective from Koha item type
        720_922000000000000   BMS College of Architecture, Design and Planning BMS College of Architecture, Design and Planning General Stacks 2025-12-16 720.922 AR-UG5147 2026-02-10 2026-02-10 UG Books
Copyright © 2025, The Librarian, Library and Information Centre, BMSCA D&P, Bengaluru. All Rights Reserved
web counter

Powered by Koha